Normal view
MARC view
Entry Topical Term
001 - CONTROL NUMBER
- control field: 15863
003 - CONTROL NUMBER IDENTIFIER
- control field: dpl
005 - DATE AND TIME OF LATEST TRANSACTION
- control field: 20100821115638.0
008 - FIXED-LENGTH DATA ELEMENTS
- fixed length control field: 100821|||a|||||| | ||| d
040 ## - CATALOGING SOURCE
- Original cataloging agency: dpl
- Transcribing agency: dpl
150 ## - HEADING--TOPICAL TERM
- Topical term or geographic name as entry element: Story
670 ## - SOURCE DATA FOUND
- Source citation: Work cat.: (dpl): Chellappa, C. S. 15862, Vaadivasal :, 2008
670 ## - SOURCE DATA FOUND
- Source citation: Work cat.: (dpl): Chellappa, C. S. 15862, Vaadivasal :, 2008
